000 00514 a2200169 4500
999 _c7444
_d7444
020 _a9788131716717
050 _aHF5415 KOT 2007
100 _aKotler, Philip
_eauthor
245 _aFramework for marketing management /
_cPhilip Kotler & Kevin Lane Keller
250 _a3rd ed.
264 _aNew Delhi :
_bPearson Education,
_c2007.
300 _a382p. :
_bill.
500 _aIncludes index
650 _aMarketing -- Management.
700 _aKeller, Kevin Lane
_eauthor
942 _2lcc
_cBK
_e3rd ed.
_h5415
_iKOT
_kHF